000 00667nam a22002537a 4500
999 _c12013
_d12013
001 12013
003 BD-JhCC
005 20220615134022.0
008 210303s2016 nyu |||| |||| 000 0 eng d
020 _a9781785040474
035 _a(BD-JhCC)12013
040 _aBD-JhCC
_dBD-JhCC
041 _aeng
082 _a158.1
_bSCH 2016
100 _aSchwartz, David
245 _aThe magic of thinking big /
_cDavid Schwartz
260 _aLondon :
_bVermilion,
_c2016.
300 _axiii, 362 p. :
_c21 cm.
650 _aSelf-actualization (Psychology)
650 _aSelf-confidence
650 _aMotivation (Psychology)
650 _aSuccess
942 _2ddc
_cBK
_02